000 00850nam a2200217Ia 4500
999 _c39875
_d39875
001 6480
003 GE_BSU
005 20191004104752.0
008 181216s1963||||ge |||||||||||||| ||ge ||
040 _cGE_BSU
041 _ageo
080 _a821.353.1-32 ბ-45
100 _aბელიაშვილი, აკაკი
_94491
245 _aთხზულებანი ტომი 1 :
_bმოთხრობები /
_cაკაკი ბელიაშვილი ; რედ. მ. ბაკურაძე.
264 _aთბილისი :
_bსაბჭ.საქართველო ;
_c1963.
300 _a418 გვ. ;
_c22 სმ.
653 _aთხზულებანი
653 _aმოთხრობები
700 _aბაკურაძე, მ.
_eრედაქტორი
_93966
942 _cBK
_2udc